| 000 | 00999nam a22003017a 4500 | ||
|---|---|---|---|
| 005 | 20220329141229.0 | ||
| 008 | 971010s1989 r 00010 d | ||
| 010 | _a64786 | ||
| 011 | _a65758 | ||
| 035 | _a73077 | ||
| 082 |
_a634.9 _bB8 |
||
| 100 | 0 | 0 |
_aBurley, J. _916222 |
| 245 | _aForestry research in eastern and southern Africa | ||
| 260 |
_aOxford : _bOxford Forestry Institute, _c1989 |
||
| 300 |
_a58 p. _b; _e+ 27 anexos |
||
| 490 |
_aTropical forestry papers _v; 19 |
||
| 500 | _a1992/55 | ||
| 590 |
_aBATCH-UPD _b10 _c20130109 _lUCH01 _h2358 |
||
| 590 |
_aBATCH-UPD _b10 _c20130110 _lUCH01 _h0807 |
||
| 590 |
_aBATCH-UPD _b10 _c20130410 _lUCH01 _h0445 |
||
| 590 |
_aBATCH-UPD _b10 _c20130914 _lUCH01 _h0717 |
||
| 590 |
_aCONVERSION _b10 _c20130109 _lUCH01 _h1335 |
||
| 650 | 1 | 4 |
_aBosques _xAfrica. _914045 |
| 650 | 1 | 4 |
_aBosques _xInvestigación _xAfrica. _914283 |
| 830 | 0 |
_aTropical forestry papers _v; 19 _9115311 |
|
| 901 | _aBK | ||
| 949 |
_a634.9 B8 _bDCF _cLIBRO _d-5841 _eLIBRO _h3915 _i73077 _si |
||
| 999 |
_c64786 _d64786 |
||